| 000 | 00585nmc a2200241 a 4500 | ||
|---|---|---|---|
| 003 | AR-Y00000XR | ||
| 005 | 20251128211459.0 | ||
| 008 | 277020s2000 ||||||||||||||000 | spa|| | ||
| 020 | _a0-8442-1337-3 | ||
| 040 | _cAR-Y00000XR | ||
| 100 | 1 | _aKattán-Ibarra, Juan | |
| 245 | 1 | 0 | _aSpanish grammar |
| 260 |
_aLincolnwood _bNTC Publishing Group _c2000 |
||
| 300 | 0 | _a214 p. | |
| 490 | 0 | _aTeach yourself books | |
| 650 | 4 | _aENSENANZA DE IDIOMAS | |
| 650 | 4 | _aINGLES | |
| 650 | 4 | _aGRAMATICA | |
| 650 | 4 | _aLINGUISTICA | |
| 650 | 4 | _aESPANOL | |
| 942 | _cBK | ||
| 998 | _cmi-desc | ||
| 999 |
_c19827 _d19827 |
||